Democracy and political change in village India : (Record no. 40866)
[ view plain ]
| 000 -LEADER | |
|---|---|
| fixed length control field | 00680nam a2200229 a 4500 |
| 001 - CONTROL NUMBER | |
| control field | 40866 |
| 003 - CONTROL NUMBER IDENTIFIER | |
| rucl marc code | BD-RjUL |
| 005 - DATE AND TIME OF LATEST TRANSACTION | |
| control field | 20211209053305.0 |
| 008 - FIXED-LENGTH DATA ELEMENTS--GENERAL INFORMATION | |
| fixed length control field | 160511s1971 ii b 001 0deng |
| 035 ## - SYSTEM CONTROL NUMBER | |
| System control number | (BD-RjUL)40981 |
| 040 ## - CATALOGING SOURCE | |
| Language of cataloging | eng |
| Original cataloging agency | BD-RjUL |
| Transcribing agency | BD-RjUL |
| 041 ## - LANGUAGE CODE | |
| Language code of text/sound track or separate title | eng |
| 082 ## - DEWEY DECIMAL CLASSIFICATION NUMBER | |
| Edition number | 23 |
| Classification number | 301.592 |
| Author mark and year | SOD 1971 |
| 100 1# - MAIN ENTRY--PERSONAL NAME | |
| Personal name | Somjee, A. H. |
| 9 (RLIN) | 125770 |
| 245 10 - TITLE STATEMENT | |
| Title | Democracy and political change in village India : |
| Remainder of title | a case study / |
| Statement of responsibility, etc. | A. H. Somjee. |
| 260 ## - PUBLICATION, DISTRIBUTION, ETC. (IMPRINT) | |
| Place of publication, distribution, etc. | New Delhi |
| Name of publisher, distributor, etc. | Orient Longman |
| Date of publication, distribution, etc. | 1971 |
| 300 ## - PHYSICAL DESCRIPTION | |
| Pagination | xxvii, 189 p. : |
| Size | 22 cm. |
| 504 ## - BIBLIOGRAPHY, ETC. NOTE | |
| Bibliography, etc | Includes bibliography and index. |
| 650 #0 - SUBJECT ADDED ENTRY--TOPICAL TERM | |
| Topical term or geographic name as entry element | Panchayat |
| Geographic subdivision | India |
| 9 (RLIN) | 125771 |
| Topical term or geographic name as entry element | Villages |
| Geographic subdivision | India |
| 9 (RLIN) | 125772 |
| 942 ## - ADDED ENTRY ELEMENTS (KOHA) | |
| Source of classification or shelving scheme | Dewey Decimal Classification |
| Koha item type | Books |
| Lost status | Source of classification or shelving scheme | Damaged status | Not for loan | Collection code | Permanent Location | Current Location | Shelving location | Date acquired | Source of acquisition | Cost, normal purchase price | Total Checkouts | Full call number | Date last seen | Copy number | Koha item type |
|---|---|---|---|---|---|---|---|---|---|---|---|---|---|---|---|
| Dewey Decimal Classification | Non-fiction | Central Library, University of Rajshahi | Central Library, University of Rajshahi | 23/05/1980 | India Int. Cal. | 25.00 | 301.592 SOD 1971 | 11/05/2016 | C-2 | Books |